| 000 | 00459nam a22001697a 4500 | ||
|---|---|---|---|
| 003 | OSt | ||
| 005 | 20260410083704.0 | ||
| 008 | 251210b |||||||| |||| 00| 0 eng d | ||
| 020 | _a9789966066176 | ||
| 040 | _cOutspan Global University | ||
| 050 |
_aHF5382 _b.C37 2015 |
||
| 100 | _aOdera Monity | ||
| 245 |
_aStorymoja CareerPedia _cby Monity Odero _bPlan Your Future |
||
| 260 |
_aKenya: _bStorymoja Imprint, _cc2015. |
||
| 300 | _a647p | ||
| 942 |
_2lcc _cBK _n0 |
||
| 999 |
_c3437 _d3437 |
||